Guess the song by the lyric - Statistics

General Stats
  • This quiz has been taken 8 times
  • The average score is 6 of 15
Answer Stats
Hint Answer % Correct
In the town where I was born
Lived a man who sailed to sea
And he told us of his life
In the land of submarines
So we sailed on to the sun
Till we found the sea of green
And we lived beneath the waves
In our ____ _____
Yellow submarine
86%
So many times it happens too fast
You trade your passion for glory
Don't lose your grip on the dreams of the past
You must fight just to keep them alive
Eye of the tiger
71%
There she stood in the doorway, i heard the mission bell, and I was thinking to myself, this could be heaven or this could be hell. Then she lit up a candle and she showed me the way, there were voices down the corridor, I thought I heard them say... Hotel California
71%
People always told me, "be carful what you do, don't go around braking young girls hearts"And mother always told me,
"Be careful of who you love And be careful of what you do, 'Cause the lie becomes the truth"
Billie Jean
57%
We're talking away
No, I don't know what I'm to say
I'll say it anyway
Today is another day to find you
Shyin' away
I'll be comin' for your love, okay?
Take on me
57%
¿Cómo puede ser verdad?
Last night I dreamt of San Pedro
Just like I'd never gone, I knew the song
Young girl with eyes like the desert
It all seems like yesterday, not far away
La isla bonita
43%
Its alright, thats okay, and you may look the other way, and we can try to understand the new york times effect on man. Stayin' alive
43%
Listen to the windblow, watch the sunrise. Run in the shadows, damn your love damn your lies. And if you don't love me now you will never love me again, I can still hear you saying, you would never break __ ____ The chain
43%
Didn't hear your wicked words everyday, if I listen to your lies Would you say I'm a man without conviction, I'm a man who doesn't know how to sell a contradiction. Karma chameleon
29%
You get a shiver inthe dark, it's raining in the park but meantime,
south of the river you stop and you hold everything, a band is blowing dixie, double four time, you feel alright when you hear the music ring.
Sultans of swing
29%
You did what you did to me,now its history I see, here's my comeback on the road again. Things will happen while they can, I will wait here for my man tonight it's easy when you're __ _ ___ Big in japan
14%
Am I original? Yeah. Am I the only one? Yeah. Am I sexual? Yeah.
Am I everything you need, you better rock your body now.
Everybody(Backstreets back)
14%
For everything I long to do,no matter when or where or who, has one thing in comon too, it's a, it's a, it's a, it's a___. It's a sin
14%
Girl, this game can't last forever, Why? we cannot live together, Try? don't let him steal your love from me. Brother Louie
0%
I'm Really glad you came, you know the rules, you know the game, Master of the scene. we've done it all before and now we're back to get some more, you know what I mean. Voulez-vous
0%
No matching quizzes found
Score Distribution
Percent of People with Each Score
Percentile by Number Answered
Your Score History
You have not taken this quiz